Ιστορία της Λέσβου

Αποθηκεύτηκε σε:
Λεπτομέρειες βιβλιογραφικής εγγραφής
Συγγραφή απο Οργανισμό/Αρχή: Σύνδεσμος Φιλολόγων Λέσβου
Άλλοι συγγραφείς: Τζιμής, Στρατής
Μορφή: Βιβλίο
Γλώσσα:Greek
Δημοσίευση: Μυτιλήνη : Σύνδεσμος Φιλολόγων Ν. Λέσβου, 2000
Έκδοση:4η έκδ.
Θέματα:
Ετικέτες: Προσθήκη ετικέτας
Δεν υπάρχουν, Καταχωρήστε ετικέτα πρώτοι!

MARC

LEADER 00000cam a2200000 i 4500
001 1/23288
008 011112s2000 gr | ||| |||| ||gre||
035 |l 10067636 
040 |a GR-MY-UA  |b gre  |e aacr 
041 0 |a gre 
082 0 |a 938.974 
110 2 |a Σύνδεσμος Φιλολόγων Λέσβου. 
245 1 0 |a Ιστορία της Λέσβου /  |c Στρ. Τζιμής ... [κ.α.] ; Σύνδεσμος Φιλολόγων Ν. Λέσβου 
250 |a 4η έκδ. 
260 |a Μυτιλήνη :   |b Σύνδεσμος Φιλολόγων Ν. Λέσβου,   |c 2000 
300 |a 319 σ.;  |b εικ.;  |c 23 εκ. 
504 |a Περιέχει βιβλιογραφικές παραπομπές και ευρετήριο 
651 0 |a Lesbos Island (Greece)  |x History. 
700 1 |a Τζιμής, Στρατής. 
852 |a INST  |b LESVOS  |e 20011221  |h 938.974 IΣΤ  |p 005100028531  |q 005100028531  |t BK  |y 0 
852 |a INST  |b LESVOS  |e 20011221  |h 938.974 ΙΣΤ  |p 005100028532  |q 005100028532  |t BK  |y 0 
852 |a INST  |b LESVOS  |e 20011112  |h 938.974 ΙΣΤ  |p 005100028533  |q 005100028533  |t BK  |y 0 
901 |a BIBL1-2001-3 
901 |a BIBL1-2001-3 
901 |a BIBL1-2001-3 
909 |a Λ  |b 099090 
909 |a Λ  |b 099089 
909 |a Λ  |b 099111 
922 |a 1ΕΛΗ  |b 200111  |c ΤΑΚ/ΚΥΒ  |d ΣΦΕΤΟΥΔΗΣ 
950 |a 023-2001-11-02 
970 |a ΜΟΥΣΤΑΚΑ  |b ΠΗΝΕΛΟΠΗ  |z 2001/12/21